MDQL
is popping MORE tags! Check the
thread
!
Quizzes
Events
Quiz Creation
Community
Videos
Private Events
Remove Ads
Sign In
Join for FREE
Feedback
Dark Mode
Quiz Categories
Sports
Geography
Music
Movies
Television
Just For Fun
Miscellaneous
History
Literature
Language
Science
Gaming
Entertainment
Religion
Holiday
For Kids
Quiz Lab
Recent
Popular Today
Quiz Kudos Today
Editor Picks
Curator Picks
Quizzes by...
Day
Popularity
Type
Ratings
Length
Year
Community
Subscriptions
Recent Discussions
Orange Saloon
Badges
Playlists
Quests
Create
Leaderboards
Showdown
Live 5
Trivia Bingo
Activity
Puzzle Library
Sporcle Events
Private Events
Virtual Trivia
Globe League
Become a Host
Pub Owners
SporcleCon
Opinionation
Our Games
Videos
Blog
Mobile Apps
Partnerships
Remove Ads and Go Orange
Feedback
Gaming
Video Games
Board Games
Card Games
Pokémon
Mario
Nintendo
Minecraft
Console
Toys
Legend of Zelda
Gaming
Video Games
Board Games
Card Games
Pokémon
Mario
Nintendo
Minecraft
Console
Toys
Legend of Zelda
Random Quiz
Search Sporcle
×
Quiz Lab
Quiz Lab
Gaming
Square Enix
Type in answers that appear in a list
Type in answers that appear in a list
Classic
Best Score? Go Orange.
Dissidia 012 Bravery Attacks Stats
Can you name the Dissidia 012 bravery attacks?
By
ngctl
20m
245 Questions
47 Plays
47 Plays
47 Plays
Comments
Comments
Give Quiz Kudos
Give Quiz Kudos
-
- Ratings
hide this ad
Replay
Link that replays current quiz
Next Quiz
Link to next quiz in quiz playlist
You Got
0%
They Got
Avg Score
54%
Avg Friend Score
Upgrade to see
Score Distribution
Jump to the score distribution portion of the page
Score
0/245
Timer
20:00
0
Plays Today
% Correct
Fire
95.7%
Fire
95.7%
Fire
95.7%
Blizzard
93.6%
Thunder
93.6%
Blizzard
93.6%
Blizzaga
91.5%
Thundaga
91.5%
Blizzaga
91.5%
Thundaga
91.5%
Thundaga
91.5%
Thundara
89.4%
Blizzara
89.4%
Fira
89.4%
Firaga
89.4%
Blizzara
89.4%
Blizzara
89.4%
Cure
85.1%
Cura
85.1%
Cure
85.1%
Holy
83%
Holy
83%
Holy
83%
Watera
83%
Aero
83%
Red Fang
78.7%
White Fang
78.7%
Blue Fang
78.7%
Meteor
78.7%
Climhazzard
78.7%
Greatsword
78.7%
Katana
78.7%
Meteor
78.7%
Bio
76.6%
Crossbow
76.6%
Sword and Shield
76.6%
Staff
76.6%
Army of One
76.6%
Rope Knife
74.5%
Swordslash
74.5%
Blizzard Barret
74.5%
Thunder Barret
74.5%
Axe and Shield
74.5%
Ruinga
74.5%
Ruin
74.5%
Graviga
72.3%
Holy Combo
72.3%
Blizzard Combo
72.3%
Fire Barret
72.3%
Mystic Flurry
72.3%
Spear
72.3%
Blitz
72.3%
Mine
72.3%
Dayflash
70.2%
Dayflash
70.2%
Lance Combo
70.2%
Cyclone
70.2%
Machine Gun
70.2%
Retribution
70.2%
Aerora
70.2%
Tentacle of Pain
70.2%
Ultima
70.2%
Reel Axe
68.1%
Wither Shot
68.1%
A Couple Attacks
68.1%
Rifle
68.1%
Knight's Blade
68.1%
Knight's Lance
68.1%
Turbo-Hit
66%
Blade Beam
66%
Dolphin Blow
66%
Heel Crush
66%
Sticky Bomb
66%
Dart & Weave
66%
Stun
66%
Thunder Crest
66%
Tentacle of Suffering
66%
Knight's Axe
66%
Knight's Arrow
66%
Beat Rush
63.8%
Beat Fang
63.8%
Shotgun
63.8%
% Correct
Vortex
63.8%
Dragon Kick
63.8%
Light Crest
63.8%
Shield Strike
61.7%
Strength Booster
61.7%
Magic Booster
61.7%
Slash
61.7%
Searchlight
61.7%
Double Cut
61.7%
Booster 8
61.7%
Scoop Art
61.7%
Meteor Strike
61.7%
Energy Blast
61.7%
Heavenly Strike
61.7%
Landmine
61.7%
Magic Arts: Flame
59.6%
Multi-Hit
59.6%
Paladin Arts
59.6%
Waterkick
59.6%
Fusillade
59.6%
Sphere Shot
59.6%
Cut & Run
59.6%
Impulse
59.6%
Sonic Wing
59.6%
Banish
59.6%
Launch
59.6%
Dynamite
59.6%
Omni Block
59.6%
Remote Flare
59.6%
Ascension
57.4%
Crossover
57.4%
Rising Buckler
57.4%
Dark Step
57.4%
Electroshield
57.4%
Hop Step
57.4%
Glare Hand
57.4%
Gravity System
57.4%
Black Hole
57.4%
Extra-Crispy Firaga
57.4%
Jecht Block
57.4%
Magic Arts: Bolt
55.3%
Extra Lunge
55.3%
Slashing Blow
55.3%
Aerial Fang
55.3%
Rising Fang
55.3%
One Inch Punch
55.3%
Bardiche
55.3%
Float System
55.3%
Sword Dance
55.3%
Twisty-Turny Blizzaga
55.3%
Lickety-Split Thundaga
55.3%
Snatch Blow
55.3%
Extra Slice
53.2%
Dark Cannon
53.2%
Shadow Lance
53.2%
Elbow Smash
53.2%
Upper Blues
53.2%
Ricochet Shot
53.2%
Solution 9
53.2%
Aerospark
53.2%
Smite
53.2%
Vacuum Wave
53.2%
Reverse Polarity
53.2%
Sudden Cruelty
53.2%
Shadow Flare
53.2%
Ring Holy
53.2%
Magic Arts: Frost
51.1%
Attack System
51.1%
Scatter Spray Blizzaga
51.1%
Oblivion
51.1%
Burst Energy
51.1%
Lunge
51.1%
Gravity Ball
48.9%
Falcon's Dive
48.9%
Grenade Bomb
48.9%
Tempest
48.9%
Stick & Move
48.9%
Bind
48.9%
Combo
48.9%
Thundera
48.9%
Twin Swords
48.9%
Chain Cast
48.9%
% Correct
Hurricane
48.9%
Shell Guard
48.9%
Snatch Shot
48.9%
Radiant Wings
46.8%
Sonic Break
46.8%
Moonsault Kick
46.8%
Missile Barrage
46.8%
Rumble Rush
46.8%
Full Slide
46.8%
Round Edge
46.8%
Highbringer
46.8%
Tentacle of Spite
46.8%
Protect Guard
46.8%
Waggly-Wobbly Firaga
46.8%
Godspeed
46.8%
Strike Energy
46.8%
Jecht Stream
46.8%
Seal Evil
46.8%
Celestial Shooter
44.7%
Solid Ascension
44.7%
Solid Barrel
44.7%
Homing Bazooka
44.7%
Pummel
44.7%
Zap-Trap Thundaga
44.7%
Transience
44.7%
Relentless Lunge
44.7%
Vortex of Judgement
44.7%
Nightfall
42.6%
Lightning Rise
42.6%
Hazard Raid
42.6%
Deathblow
42.6%
Turn Guard
42.6%
Sword Thrust
40.4%
Valiant Blow
40.4%
Reel Impulse
40.4%
Storm Impulse
40.4%
Rising Wave
40.4%
Circle of Judgement
40.4%
Lance Charge
38.3%
Tentacle of Scorn
38.3%
Reaper
38.3%
Jecht Rush
38.3%
Bombard
36.2%
Slide Shooter
34%
Swift Attack
34%
Gravity Force
34%
Spinning Attack
31.9%
Rupture
31.9%
Spiral Blow
29.8%
Lance Barrage
29.8%
Twist Drill
29.8%
Tsubamegaeshi
29.8%
Blade Crash
27.7%
Dual Rend
27.7%
Raging Fists
25.5%
Blaze Rush
23.4%
Wind Slash
23.4%
Sacred Cross
21.3%
Crashing Dive
21.3%
Shoulder Tackle
21.3%
Fervent Blow
21.3%
Lance Burst
17%
Cross Slash
17%
Whirlwind Slash
14.9%
Spew
14.9%
Sonic Buster
12.8%
Sentence
12.8%
Snarl
12.8%
Howling Fist
10.6%
Backhand Blow
10.6%
Double Trouble
10.6%
Electrocute
6.4%
Raid
6.4%
Dual Thrust
2.1%
Destroy
2.1%
Brute Force
2.1%
Rush Impact
0%
Enrage
0%
Vicious
0%
Erupt
0%
Splinter
0%
Quiz Playlist
Details
Report
Send in Message
Add To Playlist
Classic:
Type in answers that appear in a list
Last Updated: Feb 16, 2017
Quiz Scoreboard
CHALLENGE
Sign Up to Join the Scoreboard
Show All
Scores
Hide
Comments
May contain spoilers
Recently Published
Street Fighter Characters
by Artimus82
Gaming
60s
9x9 Crossword: Cartoon Network
by jackfrog10
Miscellaneous
3m
College Basketball Coaching Resumes
by pancakes188
Sports
9m
More to Explore
Quiz From the Vault
Featured Blog Post
Where Did the Easter Bunny Come From?
hide this ad
You Might Also Like...
Tags
attack
Bravery
dissidia
Final Fantasy
Square Enix
Today's Top Quizzes in Gaming
Browse Gaming
hide this ad
Today's Top Quizzes in Square Enix
Browse Square Enix
Top Contributed Quizzes in Gaming
1
5-to-1: Consoles
2
7-to-1: Board Game Piece Blitz
3
5-to-1: Legend of Zelda
4
League of Legends Pro Players by Career/Team History
5
Destiny 2 exotic weapons by perk icons
6
Ultimate Genshin Impact Logic Puzzle (up to 4.3)
7
Franchise by Action Figure
8
Who's on the WWE 2K24 Cover?
9
Genshin Impact Logic Puzzle Quiz
10
Order the Pokémon Regions
Explore More
Trending Topics
Harry Potter
Kpop
Marvel
NBA
Crossword
Disney
Anime
NFL
Puzzle
The Office
Country
WWE
Pokémon
Song
Soccer
hide this ad
More By:
ngctl
Quiz
Plays
Rating
Category
Featured
Created
Super Smash Bros. Attacks
143
5.00
Gaming
Aug 13, 2011
Dissidia 012 Bravery Attacks
47
Gaming
Aug 13, 2011
Go to Creator's Profile
Score Distribution
Quiz Creator Spotlight
ngctl
Follow
Send a Message
Quizzes Created
-
Created Quiz Play Count
-
More By This Creator
Popular Quizzes Today
1
Find the US States - No Outlines Minefield
2
Find the Countries of Europe - No Outlines Minefield
3
The Countries of the World
4
Find the US States
5
Risky Map Clicking: Biggest States A-Z
6
US States
7
Popular People in 1961
8
Movies - When Are They Set?
More Gaming Quizzes
Absent Letter: Minecraft Mobs
Curator's Pick
Trending Quizzes
Risky Map Clicking: Least Populous States A-Z
Countries of the World: 200 Million BC
1-10 Letter G Words
Risky Map Clicking: Next State Alphabetically
Adjectives in 80s TV Shows
Recently Updated
Leaping Animals
pecheneg
Reality TV Shows (A-Z)
bhenderson79
Rickey Henderson's Hall of Fame Teammates
pecheneg
Champions League XIs: Arsenal
pecheneg
Quick Pick: Celebrities in WWE's Hall of Fame
aduchscher
A-Z Keypad Blitz II
pecheneg
Multiple Oscar Actors
pecheneg
Mystery Phrase Blitz: Oscar 'Best Actors'
pecheneg
F. Scott Fitzgerald Novels
LTH
Pick 3 Villains
ddd62291
Trending Topics
NBA
Disney
Marvel
Crossword
Anime
Harry Potter
Kpop
NFL
WWE
Soccer
Pokémon
Country
Song
The Office
Puzzle
Your Account Isn't Verified!
In order to create a playlist on Sporcle, you need to verify the email address you used during registration. Go to your
Sporcle Settings
to finish the process.
Report this User
Report this user for behavior that violates our
Community Guidelines
.
Details:
Send Report
Go to the Sporcle.com Mobile Site →
Comments